Westernmost Countries - Statistics

General Stats
  • This quiz has been taken 62,450 times
    61,961 since last reset
  • The average score is 16 of 20
Answer Stats
Longitude Country % Correct
-179.1 United States
99%
-141.0 Canada
97%
-118.4 Mexico
94%
-109.5 Chile
91%
-180 Russia
85%
-92.0 Ecuador
83%
-81.7 Colombia
82%
-83.0 Panama
82%
-92.3 Guatemala
79%
-88.7 Honduras
79%
-87.1 Costa Rica
78%
-90.3 El Salvador
78%
-87.7 Nicaragua
78%
-89.2 Belize
75%
-174.6 Kiribati
75%
-180 Fiji
70%
-172.8 Samoa
70%
-176.4 New Zealand
67%
-175.6 Tonga
67%
-85.0 Cuba
60%
No matching quizzes found
Score Distribution
Percent of People with Each Score
Percentile by Number Answered
Your Score History
You have not taken this quiz since the last reset